LEADER 00852naa a2200193 u 4500 001 000000095115 003 CaOOAMICUS 005 20070226130141.0 008 040527s1966 gw u000 u ger u 035 $a10997142 040 $aIAR$bita 100 1 $aBauer, Ernest,$d1910-$0(OLS)http://pul/name/61035 245 14$aDie Kroaten im Dreissigjährigen Krieg /$cErnest Bauer. 260 $aWiesbaden :$bHarrassowitz,$c1966. 300 $av.2, S. 143-148, ;$c24 cm 773 0 $aDas östliche Mitteleuropa in Geschichte und Gegenwart. 773 0 $aCongresso internazionale di storia slava.$tActa congressus historiae Slavicae Salisburgensis in memoriam ss. Cyrilli et Methodii anno 1963 celebrati$w()12921 996 $6245$aDie Kroaten im Dreissigjährigen Krieg$9(OLS)http://pul/title/121994 996 $6260$aWiesbaden :$bHarrassowitz$9(OLS)http://pul/publisher/53801 LEADER 01557nam a2200301 a 4500 001 000000146201 003 CaOOAMICUS 005 20151002125813.0 008 151002s2015 gw u001 u eng r 020 $a978-3-16-151994-9 040 $aPUL$bita 245 10$aRediscovering the apocryphal continent :$bnew perspectives on early christian and late antique apocryphal texts and traditions /$cedited by Pierluigi Piovanelli and Tony Burke ; with the collaboration of Timothy Pettipiece. 260 $aTübingen :$bMohr Siebeck,$c©2015. 300 $aXI, 439 p. ;$c24 cm. 490 1 $aWissenschaftliche Untersuchungen zum Neuen Testament ;$v349 504 $aRiferimenti bibliografici e indici. 630 04$aApocrypha.$0(OLS)http://pul/subject/26436 700 1 $aPiovanelli, Pierluigi.$0(OLS)http://pul/name/93568 700 1 $aBurke, Tony,$d1968-$0(OLS)http://pul/name/79312 700 1 $aPettipiece, Timothy.$0(OLS)http://pul/name/93569 830 0$aWissenschaftliche Untersuchungen zum Neuen Testament ;$v349.$0(OLS)http://pul/title/8628 850 $aPUL 852 $aPUL$W1$xSL Religione 1$y3$m16 H 349$j169080$qStampati$B169864$CPULBib$Z2$F169864 $H126293 $82 941 1 $a8 996 $6020$a978-3-16-151994-9$9(OLS)http://pul/number/158781 996 $6245$aRediscovering the apocryphal continent :$bnew perspectives on early christian and late antique apocryphal texts and traditions$9(OLS)http://pul/title/184836 996 $6260$aTübingen :$bMohr Siebeck$9(OLS)http://pul/publisher/52004